000 00978nam a22002535i 4500
001 67102
003 ES-MaACL
005 20250806062528.0
007 t|
008 930119s1984 sp ||||0| spa d
020 _a84-500-9675-8
040 _aM-BN
_bspa
_cM-BN
080 _a655.4(460.27 M.)"19"
100 1 _aEscolar Sobrino, Hipólito.
_947607
245 1 0 _aEditores madrileños a principios de siglo /
_cpor Hipólito Escolar.
260 _aMadrid :
_bAyuntamiento de Madrid, Delegación de Cultura :
_bInstituto de Estudios Madrileños,
_c1984.
300 _a29 p ;
_c22 cm.
490 1 _aCiclo de conferencias sobre Madrid en el primer tercio del siglo XX ;
_v6
650 1 4 _aEditoriales-
_zMadrid.
_912070
710 2 _aInstituto de Estudios Madrileños
_94916
830 0 _aCiclo de conferencias sobre Madrid en el primer tercio del siglo XX ;
_v6
_9230871
852 _aES-MaACL
_j2172-F-4
_bR.111307
_q. - Ded. autógr. del autor
999 _c67102
_d67102